Comparability of results of postnatal and long-term tests for carcinogenicity

Bibliographic Details
Main Authors: Sýkora, I. (Author), Vortel, V. (Author)
Format: Article
Language:English

MARC

LEADER 00000nab a2200000ua 4500
001 vtls010831544
003 SK-MaSNL
005 20260303144341.0
008 230222s1993 xo |||||||||||||||||eng|
035 |a (urnnbn)urn:nbn:sk:snk:ar-a06jcl 
035 |a urn:nbn:sk:snk-ab5wem 
035 |a (uuid)9987016a-c607-4f36-b4d0-a08e83592233 
040 |a SNKBUCL  |b slo  |c SNKBUCL  |e AACR2 
041 0 |a eng 
044 |a xo  |c SK 
100 1 |a Sýkora, I.  |4 aut  |9 774782 
245 1 0 |a Comparability of results of postnatal and long-term tests for carcinogenicity  |c I. Sýkora, V. Vortel 
700 1 |a Vortel, V.  |4 aut  |9 1146750 
773 0 |t Neoplasma : journal of experimental and clinical oncology  |g Roč. 40, č. 5 (1993), s. 321-327 
958 |a OND 
958 |a EUIPO 
958 |a article5 
999 |c 1996613  |d 1998543